[Event "XLVI Festival A"]
[Site "Imperia ITA"]
[Date "2004.09.08"]
[Round "5"]
[White "Maksimenko, Andrei"]
[Black "Kalod, Radek"]
[WhiteElo "2524"]
[BlackElo "2461"]
[Result "1/2-1/2"]
[PlyCount "53"]
[EventDate "2004.09.05"]

1. e4 c5 2. c3 d5 3. exd5 Qxd5 4. d4 Nf6 5. Nf3 Bg4 6. dxc5 Qxc5 7. h3 Bh5 8.
Be3 Qc7 9. Na3 a6 10. Qa4+ Nbd7 11. Bf4 Qc8 12. Ne5 e6 13. Nxd7 Nxd7 14. g4 Bg6
15. Bg2 Bc5 16. Rd1 Ra7 17. c4 b5 18. cxb5 O-O 19. Rc1 axb5 20. Qxb5 e5 21. Bd2
Rc7 22. O-O Nf6 23. b4 Bd4 24. Rxc7 Qxc7 25. Qc6 Qa7 26. Nb5 Qxa2 27. Nxd4
1/2-1/2

[Event "XLVI Festival A"]
[Site "Imperia ITA"]
[Date "2004.09.08"]
[Round "5"]
[White "Musil, Vitezslav"]
[Black "Arata, Roberto Mario"]
[WhiteElo "2113"]
[BlackElo "2151"]
[Result "1-0"]
[PlyCount "41"]
[EventDate "2004.09.05"]

1. e4 c6 2. Nc3 d6 3. d4 Nd7 4. f4 Qc7 5. Nf3 e5 6. Be2 Ngf6 7. O-O Be7 8. Kh1
b5 9. fxe5 dxe5 10. dxe5 Nxe5 11. Bf4 Nfd7 12. Nxe5 Nxe5 13. Bxb5 O-O 14. Bxc6
Qxc6 15. Bxe5 Be6 16. Nd5 Bd8 17. b3 Re8 18. c4 f6 19. Bc3 Bf7 20. Qf3 Bg6 21.
e5 1-0

[Event "XLVI Festival A"]
[Site "Imperia ITA"]
[Date "2004.09.08"]
[Round "5"]
[White "Payen, Arnaud"]
[Black "Vrana, Frantisek"]
[WhiteElo "2400"]
[BlackElo "2275"]
[Result "1/2-1/2"]
[PlyCount "101"]
[EventDate "2004.09.05"]

1. d4 Nf6 2. Nf3 g6 3. Bf4 c5 4. e3 cxd4 5. exd4 d5 6. c3 Nc6 7. h3 Qb6 8. Qb3
Qxb3 9. axb3 Nh5 10. Bh2 f6 11. Na3 Be6 12. Nb5 Kd7 13. Nc7 Rc8 14. Nxe6 Kxe6
15. b4 a6 16. g4 Ng7 17. h4 Kf7 18. Bh3 Ne6 19. O-O h6 20. Ne1 h5 21. g5 Rd8
22. Nf3 f5 23. Rfe1 Bg7 24. Re3 Rhe8 25. Bf1 Nf8 26. b5 axb5 27. Bxb5 Ra8 28.
Ree1 Nd7 29. Ne5+ Bxe5 30. Bxe5 Ndxe5 31. dxe5 e6 32. f4 Ke7 33. Kf2 Rec8 34.
Ke2 Kd8 35. Bxc6 bxc6 36. b4 Kc7 37. Kd3 Kb6 38. c4 Rd8 39. cxd5 Rxd5+ 40. Ke3
Rad8 41. Ra3 Rd4 42. Rea1 Re4+ 43. Kf3 Rdd4 44. Ra6+ Kb5 45. R1a5+ Kc4 46.
Rxc6+ Kxb4 47. Raa6 Rxf4+ 48. Kg3 Rg4+ 49. Kf3 Rdf4+ 50. Ke3 Re4+ 51. Kf3
1/2-1/2

[Event "XLVI Festival A"]
[Site "Imperia ITA"]
[Date "2004.09.08"]
[Round "5"]
[White "Pisk, Petr"]
[Black "Korneev, Oleg"]
[WhiteElo "2344"]
[BlackElo "2587"]
[Result "1/2-1/2"]
[PlyCount "101"]
[EventDate "2004.09.05"]

1. e4 c5 2. Nf3 e6 3. c3 Nf6 4. e5 Nd5 5. d4 cxd4 6. cxd4 d6 7. Nc3 Nxc3 8.
bxc3 Qc7 9. Bd2 Nd7 10. exd6 Bxd6 11. Bd3 b6 12. O-O Bb7 13. Re1 O-O 14. h3
Rac8 15. c4 Rfe8 16. Bc3 h6 17. Rc1 e5 18. dxe5 Nxe5 19. Nxe5 Bxe5 20. Bxe5
Rxe5 21. Rxe5 Qxe5 22. Bf1 Qc5 23. Qd7 Rc7 24. Qd8+ Kh7 25. Re1 f5 26. Re6 Rc6
27. Re7 Rd6 28. Qc7 Qxc7 29. Rxc7 Be4 30. f3 Bd3 31. Bxd3 Rxd3 32. Rxa7 f4 33.
Rb7 Rc3 34. Rxb6 Rxc4 35. a3 Rc1+ 36. Kh2 Ra1 37. Ra6 g5 38. h4 gxh4 39. a4 h5
40. a5 Kg7 41. Ra8 Kf6 42. a6 Kg6 43. Rg8+ Kh6 44. Rh8+ Kg6 45. a7 Kg7 46. Rb8
Rxa7 47. Rb4 Kg6 48. Rxf4 Kg5 49. Rb4 Ra1 50. Rb5+ Kg6 51. Re5 1/2-1/2

[Event "XLVI Festival A"]
[Site "Imperia ITA"]
[Date "2004.09.08"]
[Round "5"]
[White "Raineri, Valerio"]
[Black "Poloch, Petr"]
[WhiteElo "2197"]
[BlackElo "2291"]
[Result "0-1"]
[PlyCount "78"]
[EventDate "2004.09.05"]

1. e4 c5 2. Nf3 d6 3. d4 Nf6 4. Nc3 cxd4 5. Nxd4 a6 6. f3 e6 7. Be3 Qc7 8. Qd2
b5 9. g4 h6 10. O-O-O Nbd7 11. Nb3 b4 12. Ne2 Rb8 13. Kb1 Ne5 14. Ned4 d5 15.
Bf4 Bd6 16. Bxe5 Bxe5 17. h3 Bf4 18. Qg2 Bb7 19. Bd3 Rd8 20. h4 dxe4 21. fxe4
Qe5 22. Nf3 Qc7 23. Nfd4 h5 24. gxh5 Nxh5 25. Ne2 Be5 26. Nd2 g6 27. Nf3 Bg7
28. Rhf1 O-O 29. Rg1 a5 30. Nd2 a4 31. Qg5 Kh7 32. e5 Qxe5 33. Qxe5 Bxe5 34.
Rg5 f5 35. Rdg1 Rg8 36. Re1 Bf6 37. Rxh5+ gxh5 38. Nf4 Bd5 39. Nxh5 Bxh4 0-1

[Event "XLVI Festival A"]
[Site "Imperia ITA"]
[Date "2004.09.08"]
[Round "5"]
[White "Sarmir, Milos"]
[Black "Gentile, Claudio"]
[WhiteElo "2153"]
[BlackElo "2137"]
[Result "1-0"]
[PlyCount "57"]
[EventDate "2004.09.05"]

1. e4 c5 2. Nf3 Nc6 3. c3 d5 4. exd5 Qxd5 5. d4 cxd4 6. Nxd4 Bd7 7. Be3 O-O-O
8. Nd2 Kb8 9. N2f3 Nf6 10. Nxc6+ Bxc6 11. Qxd5 Bxd5 12. Rd1 e5 13. Nxe5 Be7 14.
Bc4 Bxg2 15. Rxd8+ Rxd8 16. Rg1 Bd5 17. Rxg7 Bf8 18. Rg5 Be7 19. Bxd5 Nxd5 20.
Rh5 Nf6 21. Rf5 Kc7 22. Nxf7 Rf8 23. Ng5 Kb8 24. Bd4 Re8 25. Kd1 Rd8 26. Kc2
Ng4 27. Nxh7 Bd6 28. h3 Nh6 29. Rf6 1-0

[Event "XLVI Festival A"]
[Site "Imperia ITA"]
[Date "2004.09.09"]
[Round "6"]
[White "Arata, Roberto Mario"]
[Black "Krouzel, Jaroslav"]
[WhiteElo "2151"]
[BlackElo "2117"]
[Result "0-1"]
[PlyCount "96"]
[EventDate "2004.09.05"]

1. d4 f5 2. c4 Nf6 3. Nc3 d6 4. Nf3 g6 5. Bg5 Bg7 6. Qc1 O-O 7. Bh6 Qe8 8. h4
e5 9. Bxg7 Kxg7 10. Nd5 Nxd5 11. cxd5 c6 12. dxe5 dxe5 13. Qc3 cxd5 14. Nxe5
Kg8 15. h5 Nc6 16. Nxc6 Qxc6 17. Qxc6 bxc6 18. Rc1 Bd7 19. f4 Rfe8 20. Kd2 Re4
21. hxg6 hxg6 22. Rc3 Rxf4 23. Rch3 Kf7 24. Rh7+ Ke6 25. Rg7 Rg4 26. Rh6 Be8
27. Rhh7 a5 28. e3 Rb4 29. Kc3 c5 30. a3 Re4 31. Bd3 Rxe3 32. g4 f4 33. Kd2 Kf6
34. Rb7 Kg5 35. Be2 Ba4 36. Rb6 Rae8 37. Bd3 R8e6 38. Rxe6 Rxe6 39. Be2 Rb6 40.
Kc1 Re6 41. Kd2 Bb3 42. Rc7 c4 43. Rc5 Re5 44. Rxa5 Kh4 45. Rc5 Kg3 46. a4 Kf2
47. Bd1 Bxd1 48. Kxd1 Kg2 0-1

[Event "XLVI Festival A"]
[Site "Imperia ITA"]
[Date "2004.09.09"]
[Round "6"]
[White "Astengo, Marcello"]
[Black "Fossati, Remigio"]
[WhiteElo "2056"]
[BlackElo "2104"]
[Result "1/2-1/2"]
[PlyCount "30"]
[EventDate "2004.09.05"]

1. d4 Nf6 2. c4 g6 3. Nc3 d5 4. cxd5 Nxd5 5. e4 Nxc3 6. bxc3 Bg7 7. Bc4 c5 8.
Be3 O-O 9. Ne2 Nc6 10. Rc1 Qc7 11. O-O Rd8 12. Qa4 Na5 13. Bd3 b6 14. Rfd1 Bd7
15. Qa3 Rac8 1/2-1/2

[Event "XLVI Festival A"]
[Site "Imperia ITA"]
[Date "2004.09.09"]
[Round "6"]
[White "Barlocco, Carlo"]
[Black "Taborsky, Rostislav"]
[WhiteElo "2148"]
[BlackElo "2278"]
[Result "1-0"]
[PlyCount "63"]
[EventDate "2004.09.05"]

1. e4 c5 2. Nc3 Nc6 3. Bb5 Nd4 4. Bc4 g6 5. Nge2 Bg7 6. d3 e6 7. Nxd4 cxd4 8.
Ne2 b5 9. Bb3 a5 10. a4 b4 11. O-O Ne7 12. Bg5 h6 13. Bxe7 Qxe7 14. f4 g5 15.
f5 h5 16. Qe1 Be5 17. Qf2 Qd6 18. fxe6 fxe6 19. Qf7+ Kd8 20. h4 Qe7 21. Qg6
gxh4 22. Rf7 Qd6 23. Raf1 Ba6 24. Nf4 Kc8 25. Nxe6 h3 26. gxh3 Kb8 27. Nf8 Bc8
28. Nxd7+ Bxd7 29. Qxd6+ Bxd6 30. Rxd7 Be5 31. Rf5 Re8 32. Bf7 1-0

[Event "XLVI Festival A"]
[Site "Imperia ITA"]
[Date "2004.09.09"]
[Round "6"]
[White "Biolek, Richard jr"]
[Black "Pesout, Jan"]
[WhiteElo "2076"]
[BlackElo "2253"]
[Result "1-0"]
[PlyCount "39"]
[EventDate "2004.09.05"]

1. e4 c5 2. Nf3 Nc6 3. d4 cxd4 4. Nxd4 e5 5. Nb5 a6 6. Nd6+ Bxd6 7. Qxd6 Qf6 8.
Qc7 Nge7 9. Nc3 Nb4 10. Bd3 Nxd3+ 11. cxd3 O-O 12. O-O d6 13. f4 Ng6 14. Nd5
Qd8 15. f5 Nf4 16. Bxf4 exf4 17. Rac1 g5 18. Nb6 Rb8 19. Qxd8 Rxd8 20. Rc7 1-0

[Event "XLVI Festival A"]
[Site "Imperia ITA"]
[Date "2004.09.09"]
[Round "6"]
[White "Cirabisi, Federico"]
[Black "Taborska, Veronika"]
[WhiteElo "2106"]
[BlackElo "2089"]
[Result "1-0"]
[PlyCount "37"]
[EventDate "2004.09.05"]

1. Nc3 d6 2. d4 Nf6 3. e4 g6 4. Be2 Bg7 5. Be3 c6 6. Qd2 b5 7. Nf3 Bb7 8. Bh6
O-O 9. h4 e5 10. Bxg7 Kxg7 11. h5 Rh8 12. dxe5 Ne8 13. hxg6 fxg6 14. O-O-O b4
15. Nb1 Qa5 16. exd6 Nd7 17. Ng5 Rd8 18. Nf3 Ndf6 19. Qh6+ 1-0

[Event "XLVI Festival A"]
[Site "Imperia ITA"]
[Date "2004.09.09"]
[Round "6"]
[White "Cugini, Verter"]
[Black "Jandecka, Tomas"]
[WhiteElo "2219"]
[BlackElo "2150"]
[Result "1/2-1/2"]
[PlyCount "46"]
[EventDate "2004.09.05"]

1. e4 c5 2. g3 Nc6 3. Bg2 g6 4. Ne2 Bg7 5. O-O d6 6. d3 Nf6 7. Nbc3 O-O 8. h3
Rb8 9. Be3 b5 10. d4 b4 11. Nd5 Nxd5 12. exd5 Nxd4 13. Nxd4 cxd4 14. Bxd4 Bxd4
15. Qxd4 Qb6 16. Qxb6 Rxb6 17. Rfe1 e5 18. dxe6 fxe6 19. h4 Kf7 20. Re4 Bb7 21.
Rc4 Rc8 22. Rxc8 Bxc8 23. Rd1 a5 1/2-1/2

[Event "XLVI Festival A"]
[Site "Imperia ITA"]
[Date "2004.09.09"]
[Round "6"]
[White "Jurek, Josef"]
[Black "Poloch, Petr"]
[WhiteElo "2387"]
[BlackElo "2291"]
[Result "1-0"]
[PlyCount "31"]
[EventDate "2004.09.05"]

1. d4 Nf6 2. c4 e6 3. Nf3 c5 4. d5 exd5 5. cxd5 d6 6. Nc3 g6 7. e4 Bg7 8. h3
O-O 9. Bd3 b5 10. Nxb5 Nxe4 11. Bxe4 Re8 12. Ng5 Ba6 13. a4 h6 14. Ne6 Qb6 15.
O-O fxe6 16. Bxg6 1-0

[Event "XLVI Festival A"]
[Site "Imperia ITA"]
[Date "2004.09.09"]
[Round "6"]
[White "Korneev, Oleg"]
[Black "Payen, Arnaud"]
[WhiteElo "2587"]
[BlackElo "2400"]
[Result "1-0"]
[PlyCount "115"]
[EventDate "2004.09.05"]

1. e4 e5 2. Nf3 d6 3. d4 exd4 4. Nxd4 Nf6 5. Nc3 Be7 6. Bf4 O-O 7. Qd2 a6 8.
O-O-O b5 9. f3 c5 10. Nf5 Bxf5 11. exf5 Nc6 12. g4 d5 13. g5 b4 14. Ne2 Qa5 15.
Kb1 c4 16. gxf6 Bxf6 17. Bh3 d4 18. b3 d3 19. cxd3 cxb3 20. Rc1 Qd5 21. Rhd1
Nd4 22. Rc4 Nc2 23. axb3 Qa5 24. d4 Na3+ 25. Kb2 Nxc4+ 26. bxc4 Qa3+ 27. Kb1
Qb3+ 28. Ka1 Rfe8 29. Bf1 Qxc4 30. Ng3 Qb3 31. Ne4 Rad8 32. Nxf6+ gxf6 33. Qd3
Qxd3 34. Bxd3 Rxd4 35. Rg1+ Kh8 36. Be4 a5 37. Be3 Rd6 38. Bc5 Rd2 39. Be3 Rxh2
40. Bd4 Rh6 41. Be3 Rh2 42. Bd4 Rh6 43. Bd5 Rg8 44. Re1 Rd8 45. Bc5 Rb8 46.
Bxf7 b3 47. Bd6 b2+ 48. Kb1 Rd8 49. Rg1 a4 50. Kxb2 a3+ 51. Ka2 Rc8 52. Be6 Ra8
53. Be7 Rb8 54. Kxa3 Re8 55. Kb4 Rh4+ 56. Kc5 Rh6 57. Kd6 Ra8 58. Bd5 1-0

[Event "XLVI Festival A"]
[Site "Imperia ITA"]
[Date "2004.09.09"]
[Round "6"]
[White "Maksimenko, Andrei"]
[Black "Maier, Christian"]
[WhiteElo "2524"]
[BlackElo "2356"]
[Result "1-0"]
[PlyCount "71"]
[EventDate "2004.09.05"]

1. d4 Nf6 2. c4 g6 3. Nc3 Bg7 4. e4 d6 5. Be2 O-O 6. Bg5 c5 7. d5 h6 8. Bf4 Kh7
9. Nf3 Nh5 10. Be3 e5 11. Nd2 Nf4 12. Bf1 Qg5 13. g3 Qf6 14. h4 a6 15. Ndb1 Re8
16. gxf4 exf4 17. Bc1 b5 18. cxb5 axb5 19. Bxb5 Bd7 20. Bd3 Kg8 21. Nd2 g5 22.
hxg5 hxg5 23. Nc4 Bf5 24. Kf1 Bg6 25. Nb5 Nd7 26. Nbxd6 Ne5 27. Nxe8 Rxe8 28.
Nxe5 Qxe5 29. Bd2 Bxe4 30. Bc3 Qxd5 31. Bxe4 Qxe4 32. Qh5 Qc4+ 33. Kg1 Bxc3 34.
bxc3 Qxc3 35. Qxg5+ Kf8 36. Rd1 1-0

[Event "XLVI Festival A"]
[Site "Imperia ITA"]
[Date "2004.09.09"]
[Round "6"]
[White "Malano, Francesco"]
[Black "Faraci, Antonino"]
[WhiteElo "2068"]
[BlackElo "2078"]
[Result "0-1"]
[PlyCount "92"]
[EventDate "2004.09.05"]

1. c4 e5 2. g3 g6 3. Bg2 Bg7 4. Nc3 Ne7 5. e4 d6 6. Nge2 Nbc6 7. O-O Be6 8. d3
Qd7 9. Nd5 Rc8 10. Rb1 Bh3 11. Bh6 O-O 12. Bxg7 Kxg7 13. Ne3 Bxg2 14. Kxg2 f5
15. exf5 gxf5 16. f4 Rce8 17. Qd2 Kg8 18. Rf2 Ng6 19. fxe5 dxe5 20. Rbf1 Nce7
21. d4 Rd8 22. Rd1 f4 23. Nf1 Qc6+ 24. Kg1 f3 25. d5 fxe2 26. Rxf8+ Nxf8 27.
Qxe2 Qc5+ 28. Kg2 Nfg6 29. h4 h5 30. b3 b5 31. Qxh5 bxc4 32. Qg5 Rxd5 33. Rc1
e4 34. Qg4 c3 35. Qe6+ Kg7 36. Qxe4 Re5 37. Qf3 c2 38. Qd3 Qc6+ 39. Kh2 Rc5 40.
Ne3 Ne5 41. Qd4 Kh7 42. Kh3 N7g6 43. Nc4 Rd5 44. Qe4 Qd7+ 45. g4 Rd4 46. Qe2
Nf4+ 0-1

[Event "XLVI Festival A"]
[Site "Imperia ITA"]
[Date "2004.09.09"]
[Round "6"]
[White "Mozny, Milos"]
[Black "Vrana, Frantisek"]
[WhiteElo "2376"]
[BlackElo "2275"]
[Result "1/2-1/2"]
[PlyCount "21"]
[EventDate "2004.09.05"]

1. d4 d5 2. Nf3 Nf6 3. c4 c6 4. cxd5 cxd5 5. Nc3 Nc6 6. Bf4 Bf5 7. e3 a6 8. Bd3
Bxd3 9. Qxd3 e6 10. O-O Bd6 11. Bxd6 1/2-1/2

[Event "XLVI Festival A"]
[Site "Imperia ITA"]
[Date "2004.09.09"]
[Round "6"]
[White "Schwanengel, Ulrich"]
[Black "Blasco, Domenico"]
[WhiteElo "2074"]
[BlackElo "2033"]
[Result "1-0"]
[PlyCount "75"]
[EventDate "2004.09.05"]

1. e4 g6 2. d4 Bg7 3. Nc3 c6 4. Be3 d5 5. Qd2 dxe4 6. Nxe4 Nd7 7. O-O-O Ngf6 8.
f3 Nd5 9. Bh6 O-O 10. h4 Qc7 11. Ne2 N7b6 12. b3 f5 13. Bxg7 Kxg7 14. Nc5 f4
15. Nd3 a5 16. a4 Qd6 17. Kb2 Ne3 18. Ne5 Nxd1+ 19. Qxd1 Nd5 20. h5 g5 21. g4
b5 22. h6+ Kg8 23. Rh5 Qf6 24. Qd3 bxa4 25. Nc3 Nxc3 26. Qxc3 Be6 27. Bc4 Bd5
28. Nd7 Qg6 29. Bd3 Qd6 30. Rxg5+ Kh8 31. Nxf8 Rxf8 32. Rg7 Bg8 33. d5 Qf6 34.
dxc6 Qxc3+ 35. Kxc3 axb3 36. cxb3 Rb8 37. c7 Rxb3+ 38. Kc2 1-0

[Event "XLVI Festival A"]
[Site "Imperia ITA"]
[Date "2004.09.09"]
[Round "6"]
[White "Seigert, Frank"]
[Black "Unterfrauner, Albert"]
[WhiteElo "2043"]
[BlackElo "2167"]
[Result "0-1"]
[PlyCount "120"]
[EventDate "2004.09.05"]

1. d4 Nf6 2. c4 c5 3. d5 b5 4. cxb5 a6 5. bxa6 Bxa6 6. Nc3 d6 7. Nf3 g6 8. e4
Bxf1 9. Kxf1 Nbd7 10. h3 Bg7 11. g3 O-O 12. Kg2 Qa5 13. Qc2 Rfb8 14. Rb1 Ne8
15. Bd2 Nc7 16. b3 Qa6 17. Bc1 Rb4 18. Bb2 Rab8 19. Na4 Bxb2 20. Rxb2 Qb7 21.
Nc3 c4 22. Qe2 cxb3 23. axb3 Nc5 24. Qe3 Nb5 25. Nd2 Nxc3 26. Qxc3 Na4 27. Qc1
Nxb2 28. Qxb2 Qa7 29. h4 Qd4 30. Qc2 Qc5 31. Qd3 Qd4 32. Qc2 h5 33. Rd1 Qc5 34.
Qd3 Rd4 35. Qe3 Kg7 36. Rc1 Qxc1 37. Qxd4+ f6 38. Qa7 Re8 39. Nc4 Kf8 40. Qd4
Rd8 41. Qb6 Re8 42. Qd4 Rc8 43. Nxd6 Qc3 44. Nb5 Qxd4 45. Nxd4 Rc3 46. Ne6+ Ke8
47. b4 Rc4 48. Kf3 Rxb4 49. Kf4 Rb2 50. f3 Rg2 51. g4 g5+ 52. Ke3 gxh4 53. Nf4
h3 54. Nxh3 hxg4 55. Nf4 Rg3 56. Ke2 Rxf3 57. Ng6 Rh3 58. Kf2 Rf3+ 59. Ke2 Rh3
60. Kf2 Kf7 0-1

[Event "XLVI Festival A"]
[Site "Imperia ITA"]
[Date "2004.09.09"]
[Round "6"]
[White "Simacek, Pavel"]
[Black "Pisk, Petr"]
[WhiteElo "2439"]
[BlackElo "2344"]
[Result "1-0"]
[PlyCount "67"]
[EventDate "2004.09.05"]

1. e4 e5 2. d4 exd4 3. Qxd4 Nc6 4. Qe3 b6 5. Nc3 Bc5 6. Qg3 Nf6 7. Be2 Qe7 8.
Nf3 d6 9. O-O Bb7 10. Nd5 Nxd5 11. exd5 Nd4 12. Nxd4 Bxd4 13. Bb5+ Kf8 14. c3
Bf6 15. Qf3 a6 16. Ba4 b5 17. Bb3 h5 18. Bd2 g6 19. Rae1 Qd8 20. Re2 Kg7 21.
Rfe1 Qd7 22. Qe3 h4 23. c4 h3 24. Bc3 Qd8 25. c5 dxc5 26. Qxc5 Bxc3 27. Qxc3+
Qf6 28. Qxc7 hxg2 29. Re6 Qh4 30. Re7 Raf8 31. Qe5+ Kh7 32. Rxb7 Re8 33. Rxf7+
Kh6 34. Re7 1-0

[Event "XLVI Festival A"]
[Site "Imperia ITA"]
[Date "2004.09.09"]
[Round "6"]
[White "Spinelli, Doriano"]
[Black "Raineri, Valerio"]
[WhiteElo "2144"]
[BlackElo "2197"]
[Result "1-0"]
[PlyCount "83"]
[EventDate "2004.09.05"]

1. e4 e5 2. Bc4 Bc5 3. Nf3 Nc6 4. d3 Nf6 5. c3 Qe7 6. b4 Bb6 7. O-O d6 8. a4 a6
9. a5 Ba7 10. Nbd2 O-O 11. Re1 Ng4 12. Re2 Kh8 13. h3 Nh6 14. Nf1 f5 15. Bg5
Qe8 16. d4 fxe4 17. Rxe4 Bf5 18. Re1 Qg6 19. Qd2 Nf7 20. Be3 Bxh3 21. Ng3 Bg4
22. Nh2 Rae8 23. Bd3 e4 24. Bxe4 Rxe4 25. Nxe4 Qxe4 26. d5 Nce5 27. Bxa7 Qg6
28. Qf4 Bd7 29. Re3 Qc2 30. Bd4 Ng6 31. Qg3 Nh6 32. Rf3 Nf5 33. Qg5 Re8 34. Ng4
Nxd4 35. cxd4 Qe4 36. Re3 Qxd4 37. Rxe8+ Bxe8 38. Re1 Bf7 39. Qd8+ Bg8 40. Re8
Qd1+ 41. Kh2 Qxd5 42. Nf6 1-0

[Event "XLVI Festival A"]
[Site "Imperia ITA"]
[Date "2004.09.09"]
[Round "6"]
[White "Svacina, Petr"]
[Black "Gentile, Claudio"]
[WhiteElo "2046"]
[BlackElo "2137"]
[Result "0-1"]
[PlyCount "52"]
[EventDate "2004.09.05"]

1. e4 c5 2. Nf3 Nc6 3. c4 e5 4. d3 d6 5. Be3 Nd4 6. Nc3 Nf6 7. Be2 Bd7 8. Nd2
Be7 9. O-O Qb6 10. Rb1 O-O 11. f4 Qa5 12. f5 Rfe8 13. g4 Bc6 14. g5 Nd7 15. Bh5
a6 16. Nd5 Bxd5 17. exd5 Qxa2 18. Ne4 Qb3 19. Bxf7+ Kxf7 20. Qh5+ Kg8 21. f6
gxf6 22. gxf6 Nxf6 23. Rxf6 Qxd3 24. Qg4+ Kh8 25. Bh6 Bxf6 26. Rf1 Rg8 0-1

[Event "XLVI Festival A"]
[Site "Imperia ITA"]
[Date "2004.09.09"]
[Round "6"]
[White "Voloshin, Leonid"]
[Black "Geenen, Marc"]
[WhiteElo "2494"]
[BlackElo "2312"]
[Result "1/2-1/2"]
[PlyCount "38"]
[EventDate "2004.09.05"]

1. d4 d5 2. c4 c6 3. Nc3 dxc4 4. e3 b5 5. a4 b4 6. Na2 e6 7. Bxc4 Nf6 8. Bd2 a5
9. Nf3 Nbd7 10. Nc1 Be7 11. Qe2 Bb7 12. e4 c5 13. e5 Ne4 14. Be3 O-O 15. Nb3
cxd4 16. Nbxd4 Nb6 17. Bb5 Rc8 18. O-O Nd5 19. Bc1 Nc5 1/2-1/2

[Event "XLVI Festival A"]
[Site "Imperia ITA"]
[Date "2004.09.09"]
[Round "6"]
[White "Zanetti, Alberto"]
[Black "Feistenauer, Harald"]
[WhiteElo "2191"]
[BlackElo "2082"]
[Result "1-0"]
[PlyCount "111"]
[EventDate "2004.09.05"]

1. f4 d5 2. Nf3 c5 3. e3 Nf6 4. b3 e6 5. Bb2 Be7 6. c4 O-O 7. g3 Nbd7 8. Bg2 b6
9. O-O Bb7 10. Ne5 Qc7 11. Nc3 Rad8 12. cxd5 exd5 13. d4 Rfe8 14. Rc1 Qb8 15.
Kh1 Ne4 16. Qh5 g6 17. Qh3 f5 18. g4 Nxe5 19. fxe5 Ng5 20. Qg3 cxd4 21. exd4
fxg4 22. Qxg4 Bc8 23. Qg3 Be6 24. h4 Nf7 25. Ne2 Nh6 26. Bh3 Bxh3 27. Qxh3 Bb4
28. Bc3 Ba3 29. Rce1 Qc8 30. Qxc8 Rxc8 31. Rf3 Nf5 32. h5 Bf8 33. Rg1 Ne7 34.
Nf4 g5 35. Rxg5+ Kh8 36. Rg1 Bh6 37. Ne2 Red8 38. Kh2 Rg8 39. Rgf1 Bg5 40. Rf7
h6 41. Kh1 Nc6 42. Rd7 Be7 43. Nf4 Rg5 44. Rg1 Rxg1+ 45. Kxg1 Bg5 46. Nxd5 b5
47. b4 a5 48. bxa5 b4 49. Bxb4 Nxd4 50. Nf6 Bxf6 51. exf6 Nf3+ 52. Kg2 Ne5 53.
Rd5 Ng4 54. Rc5 Rd8 55. f7 Kg7 56. Rc7 1-0

[Event "XLVI Festival A"]
[Site "Imperia ITA"]
[Date "2004.09.10"]
[Round "7"]
[White "Barlocco, Carlo"]
[Black "Di Paolo, Raffaele"]
[WhiteElo "2148"]
[BlackElo "2321"]
[Result "1-0"]
[PlyCount "83"]
[EventDate "2004.09.05"]

1. e4 c5 2. Nc3 Nc6 3. Bb5 g6 4. Bxc6 dxc6 5. d3 Bg7 6. Nge2 Nf6 7. O-O O-O 8.
Be3 b6 9. Qc1 e5 10. Bh6 Be6 11. b3 Nh5 12. Bxg7 Kxg7 13. Qe3 Qf6 14. f3 h6 15.
g4 Nf4 16. Nxf4 exf4 17. Qd2 h5 18. Ne2 g5 19. h4 hxg4 20. hxg5 Qxg5 21. Qxf4
Qh4 22. Qe5+ Kh7 23. Rf2 gxf3 24. Rh2 Bh3 25. Nf4 Rg8+ 26. Kh1 Rg3 27. Nxh3 Rh8
28. Qxh8+ Kxh8 29. Ng1 Qxh2+ 30. Kxh2 Rg2+ 31. Kh3 Rxc2 32. Nxf3 Rc3 33. Rd1 f6
34. Kg4 Kg7 35. Kf5 b5 36. Ne1 Kf7 37. Kf4 Ke6 38. Ke3 a5 39. Kd2 b4 40. Rc1
Rxc1 41. Kxc1 f5 42. Kd2 1-0

[Event "XLVI Festival A"]
[Site "Imperia ITA"]
[Date "2004.09.10"]
[Round "7"]
[White "Bianchi, Alberto"]
[Black "Arata, Roberto Mario"]
[WhiteElo "2052"]
[BlackElo "2151"]
[Result "0-1"]
[PlyCount "106"]
[EventDate "2004.09.05"]

1. e4 c6 2. Nf3 d5 3. Nc3 dxe4 4. Nxe4 Nd7 5. d4 Ngf6 6. Ng3 Qc7 7. Be2 e6 8.
O-O Bd6 9. c4 c5 10. b3 b6 11. d5 exd5 12. cxd5 Ne5 13. Bb2 O-O 14. Nxe5 Bxe5
15. Bxe5 Qxe5 16. Bf3 Qd6 17. Qd3 a5 18. Rfd1 Re8 19. Re1 Bd7 20. Re3 Ng4 21.
Bxg4 Bxg4 22. Ne4 Qg6 23. Rae1 Kf8 24. f3 Bd7 25. Kf2 f5 26. Nd2 Rxe3 27. Rxe3
f4 28. Re4 Qh6 29. Qc4 g5 30. Qc3 Kf7 31. Kg1 Qf6 32. Qc4 Rd8 33. Re1 Qd4+ 34.
Qxd4 cxd4 35. Re4 d3 36. Rd4 Bb5 37. Nc4 Bxc4 38. bxc4 Ke7 39. Rxd3 Kd6 40. Rd4
a4 41. Re4 Kc5 42. a3 b5 43. cxb5 Rxd5 44. Rxa4 Kxb5 45. Rb4+ Kc5 46. h4 h6 47.
hxg5 hxg5 48. Re4 Rd1+ 49. Kh2 Kd5 50. Ra4 Ke5 51. Ra5+ Kf6 52. a4 Ra1 53. Kh3
Rh1+ 0-1

[Event "XLVI Festival A"]
[Site "Imperia ITA"]
[Date "2004.09.10"]
[Round "7"]
[White "Cavatorta, Fosco"]
[Black "Seigert, Frank"]
[WhiteElo "2057"]
[BlackElo "2043"]
[Result "1/2-1/2"]
[PlyCount "90"]
[EventDate "2004.09.05"]

1. e4 e6 2. d3 d5 3. Nd2 c5 4. Ngf3 Nc6 5. g3 d4 6. Bg2 e5 7. Nc4 Bd6 8. a4
Nge7 9. O-O O-O 10. Nh4 Na5 11. Nxd6 Qxd6 12. f4 f6 13. Qh5 Qe6 14. f5 Qf7 15.
Bf3 Qxh5 16. Bxh5 Bd7 17. g4 Be8 18. Bxe8 Rfxe8 19. g5 Kf7 20. Kh1 fxg5 21.
Bxg5 Ng8 22. Nf3 Nc6 23. a5 b6 24. Bd2 h6 25. Nh4 Nce7 26. Rg1 Nf6 27. Ng6 Nxg6
28. Rxg6 b5 29. Rag1 Nh5 30. Rc6 Rac8 31. Rgg6 c4 32. dxc4 bxc4 33. Rge6 Nf6
34. Rxe8 Rxe8 35. Rxc4 Nxe4 36. Bb4 Rb8 37. a6 Kf6 38. Ba3 Rb6 39. Rc7 Rxa6 40.
Bf8 Kxf5 41. Bxg7 Rg6 42. h3 a6 43. Re7 Ng3+ 44. Kh2 Nf1+ 45. Kh1 Ng3+ 1/2-1/2

[Event "XLVI Festival A"]
[Site "Imperia ITA"]
[Date "2004.09.10"]
[Round "7"]
[White "Faraci, Antonino"]
[Black "Svacina, Petr"]
[WhiteElo "2078"]
[BlackElo "2046"]
[Result "1/2-1/2"]
[PlyCount "49"]
[EventDate "2004.09.05"]

1. Nf3 Nf6 2. c4 d6 3. d4 Nc6 4. Nc3 e5 5. d5 Ne7 6. e4 g6 7. h3 Bg7 8. Be3 a5
9. Qd2 b6 10. Bh6 O-O 11. Be2 Nd7 12. g4 Nc5 13. O-O-O Bxh6 14. Qxh6 f6 15.
Rdg1 Bd7 16. h4 Kh8 17. Qd2 Qe8 18. Ne1 Qf7 19. Nd3 Nxd3+ 20. Qxd3 Kg7 21. Nd1
h6 22. Ne3 g5 23. Nf5+ Bxf5 24. gxf5 Rh8 25. Rg3 1/2-1/2

[Event "XLVI Festival A"]
[Site "Imperia ITA"]
[Date "2004.09.10"]
[Round "7"]
[White "Gentile, Claudio"]
[Black "Fornaro, Alberto"]
[WhiteElo "2137"]
[BlackElo "2002"]
[Result "1-0"]
[PlyCount "63"]
[EventDate "2004.09.05"]

1. e4 e6 2. d4 d5 3. Nd2 c5 4. exd5 Qxd5 5. Ngf3 cxd4 6. Bc4 Qd6 7. O-O Nf6 8.
Nb3 Nc6 9. Nbxd4 Nxd4 10. Nxd4 a6 11. Re1 Qc7 12. Bb3 Bd6 13. Nf3 O-O 14. Bg5
Ng4 15. Re4 Bxh2+ 16. Kf1 f5 17. Bxe6+ Bxe6 18. Rxe6 Qc4+ 19. Qe2 Qxe2+ 20.
Rxe2 Bd6 21. Rd1 Bc5 22. Be7 Bxe7 23. Rxe7 Rf7 24. Rxf7 Kxf7 25. Rd7+ Kg8 26.
Nd4 b5 27. Nxf5 Rf8 28. Rxg7+ Kh8 29. Rxg4 Rxf5 30. Rd4 Kg7 31. Rd7+ Kg8 32.
Ke2 1-0

[Event "XLVI Festival A"]
[Site "Imperia ITA"]
[Date "2004.09.10"]
[Round "7"]
[White "Giordani, Marco"]
[Black "Astengo, Marcello"]
[WhiteElo "2156"]
[BlackElo "2056"]
[Result "1-0"]
[PlyCount "67"]
[EventDate "2004.09.05"]

1. d4 d5 2. c4 e6 3. Nc3 c6 4. e3 Nd7 5. Nf3 Ngf6 6. Bd3 Bd6 7. O-O O-O 8. e4
dxe4 9. Nxe4 Nxe4 10. Bxe4 Nf6 11. Bc2 b6 12. Qd3 Ba6 13. Re1 Rc8 14. Bg5 g6
15. Ne5 Be7 16. Bh6 Re8 17. Rad1 b5 18. b3 Qa5 19. Qf3 Bb7 20. g4 Rf8 21. Bxf8
Rxf8 22. a4 a6 23. Re3 Qb4 24. g5 Nh5 25. h4 Ng7 26. c5 Nf5 27. Bxf5 gxf5 28.
Nd7 Rd8 29. Nf6+ Kh8 30. Qh5 Bxf6 31. gxf6 Rg8+ 32. Rg3 Rg6 33. Rxg6 fxg6 34.
Qh6 1-0